| 000 | 00417nam a2200157 a 4500 | ||
|---|---|---|---|
| 005 | 20140412111258.0 | ||
| 008 | 091205s19uu xx 00 eng d | ||
| 020 | _a0-439-87128-x | ||
| 050 |
_aTR(PS E _bSh1 2007 |
||
| 100 | _aParker, David | ||
| 245 |
_aSharing with our neighbors / _cDavid Parker. |
||
| 260 |
_aU.S.A : _bScholastic, _c2007. |
||
| 300 | _aunp. | ||
| 440 | _aThe Best me I can be | ||
| 999 |
_c103275 _d103275 |
||